Teachers (Record n. 99423)

Dettagli MARC
000 -LEADER
fixed length control field 02040njm a2200409Ia 4500
001 - CONTROL NUMBER
control field 26573
003 - CONTROL NUMBER IDENTIFIER
control field IT-RoPAU
005 - DATE AND TIME OF LATEST TRANSACTION
control field 20220918181116.0
008 - FIXED-LENGTH DATA ELEMENTS--GENERAL INFORMATION
fixed length control field 131025s9999 xx 000 0 und d
040 ## - CATALOGING SOURCE
Original cataloging agency IT-RoPAU
040 ## - CATALOGING SOURCE
Transcribing agency IT-RoPAU
041 ## - LANGUAGE CODE
Language code of text/sound track or separate title INGLESE
999 ## - SYSTEM CONTROL NUMBERS (KOHA)
Koha Dewey Subclass [OBSOLETE] n.d.
100 ## - MAIN ENTRY--PERSONAL NAME
Personal name AA.VV.
9 (RLIN) 794
100 ## - MAIN ENTRY--PERSONAL NAME
Relator term Autore musica
9 (RLIN) 15853
100 ## - MAIN ENTRY--PERSONAL NAME
Miscellaneous information Codice autore musica SPICS: 12000
9 (RLIN) 796
245 ## - TITLE STATEMENT
Title Teachers
250 ## - EDITION STATEMENT
Edition statement 1a ed.
260 ## - PUBLICATION, DISTRIBUTION, ETC. (IMPRINT)
Place of publication, distribution, etc. USA
260 ## - PUBLICATION, DISTRIBUTION, ETC. (IMPRINT)
Name of publisher, distributor, etc. CAPITOL RECORDS
Date of publication, distribution, etc. 1985 [1a Ed.:1984 - Ed. Lingua Orig.: 1984]
300 ## - PHYSICAL DESCRIPTION
Extent MUSICASSETTA
300 ## - PHYSICAL DESCRIPTION
Dimensions 41 minuti (Testo: pag.)
500 ## - GENERAL NOTE
General note Colonna sonora del film omonimo. Musica da film
505 ## - FORMATTED CONTENTS NOTE
Formatted contents note I'm the Teacher - In the Jungle - I Can't Stop the Fire - Understanding - Cheap Sunglasses - Foolin' Around - Interstate Love Affair - Edge of A Dream - One Foot Back In Your Door - Teacher Teacher (38 Special)
650 ## - SUBJECT ADDED ENTRY--TOPICAL TERM
Topical term or geographic name as entry element COLONNA SONORA [CASSETTE]
Relator term Codice MATERIA SPICS: 9951
9 (RLIN) 1918
700 ## - ADDED ENTRY--PERSONAL NAME
Personal name Hunter
Dates associated with a name Codice autore musica SPICS: 10150
Relator term Autore musica
Name of part/section of a work I'm the Teacher
9 (RLIN) 15854
700 ## - ADDED ENTRY--PERSONAL NAME
Personal name Motels (The)
Dates associated with a name Codice autore musica SPICS: 10151
Relator term Autore musica
Name of part/section of a work In the Jungle
9 (RLIN) 15855
700 ## - ADDED ENTRY--PERSONAL NAME
Personal name Martin Eric
Dates associated with a name Codice autore musica SPICS: 10152
Relator term Autore musica
Name of part/section of a work I Can't Stop the Fire
9 (RLIN) 15856
700 ## - ADDED ENTRY--PERSONAL NAME
Personal name Seager Bob
Dates associated with a name Codice autore musica SPICS: 10153
Relator term Autore musica
Name of part/section of a work Understanding
9 (RLIN) 15857
700 ## - ADDED ENTRY--PERSONAL NAME
Personal name Zz Top
Dates associated with a name Codice autore musica SPICS: 10154
Relator term Autore musica
Name of part/section of a work Cheap Sunglasses
9 (RLIN) 15858
700 ## - ADDED ENTRY--PERSONAL NAME
Personal name Mercury Freddie
Dates associated with a name Codice autore musica SPICS: 10155
Relator term Autore musica
Name of part/section of a work Foolin' Around
9 (RLIN) 15859
700 ## - ADDED ENTRY--PERSONAL NAME
Personal name Ranger Night
Dates associated with a name Codice autore musica SPICS: 10156
Relator term Autore musica
Name of part/section of a work Interstate Love Affair
9 (RLIN) 15860
700 ## - ADDED ENTRY--PERSONAL NAME
Personal name Cocker Joe
Dates associated with a name Codice autore musica SPICS: 10157
Relator term Autore musica
Name of part/section of a work Edge of A Dream
9 (RLIN) 15861
700 ## - ADDED ENTRY--PERSONAL NAME
Personal name Holliday Roman
Dates associated with a name Codice autore musica SPICS: 10158
Relator term Autore musica
Name of part/section of a work One Foot Back In Your Door
9 (RLIN) 15862
700 ## - ADDED ENTRY--PERSONAL NAME
Personal name Trentotto Special
Dates associated with a name Codice autore musica SPICS: 10159
Relator term Autore musica
Name of part/section of a work Teacher Teacher
9 (RLIN) 15863
942 ## - ADDED ENTRY ELEMENTS (KOHA)
Koha item type MUSICASSETTE
Source of classification or shelving scheme Dewey Decimal Classification
Dati di copia
Withdrawn status Lost status Damaged status Not for loan Home library Current library Date acquired Total Checkouts Full call number Date last seen Price effective from Koha item type Public note
    Buone Condizioni Not For Loan SPICS-MEDIATECA SPICS-MEDIATECA 25/10/2013   26573 25/10/2013 25/10/2013 MUSICASSETTE Progr. Ins.: 6132 / N.Vol.: 1 / Copie: 1 - Copia rara: n.d. / date import: 01.01.2014 - By Epidotti, Trombetti, Vaglietti
CREDITS: SOCIETA' SAN PAOLO Via A.Severo, 58 - ROMA (RM) & PERIODICI SAN PAOLO SRL Via Giotto, 36 MILANO & CISF Via Giotto, 36 MILANO & EDIZIONI SAN PAOLO SRL,  Piazza Soncino, 5 CINISELLO BALSAMO (MI) -- ITALY